[Event "Championnat de France des Jeunes - Pupil"]
[Site "NIMES"]
[Date "2012.04.14"]
[Round "1.1"]
[White "Robert, Youmna"]
[Black "Broly, Mathilde"]
[Result "0-1"]
[WhiteElo "1390"]
[BlackElo "1687"]
[PlyCount "62"]

1. e4 c5 2. Nf3 d6 3. d4 cxd4 4. Nxd4 Nf6 5. Nc3 g6 6. Bc4 Bg7 7. O-O O-O 8. f4
Nxe4 9. Qf3 Bxd4+ 10. Kh1 Nxc3 11. bxc3 Bg7 12. Rb1 Qc7 13. Bd5 Nc6 14. Bd2 e6
15. Bc4 d5 16. Bd3 Ne7 17. Rfd1 Rb8 18. f5 Nxf5 19. Bxf5 gxf5 20. Rb3 Bd7 21.
Qe2 e5 22. Ra3 a6 23. Rb1 Qd6 24. Rbb3 Bb5 25. Qh5 Qg6 26. Qxg6 hxg6 27. Rb4
Rfc8 28. Kg1 Bf8 29. Rxb5 axb5 30. Ra5 Bc5+ 31. Kf1 Ra8 0-1

[Event "Championnat de France des Jeunes - Pupil"]
[Site "NIMES"]
[Date "2012.04.14"]
[Round "1.2"]
[White "Hadji, Rasmie"]
[Black "Hebert, Floriane"]
[Result "1-0"]
[WhiteElo "1680"]
[BlackElo "1387"]
[PlyCount "91"]

1. e4 e5 2. Nf3 Nc6 3. d4 exd4 4. Nxd4 Bb4+ 5. Nc3 d6 6. Nxc6 bxc6 7. Bd2 h6 8.
Bd3 Nf6 9. O-O Be6 10. Re1 Nd7 11. Qf3 Qf6 12. Qg3 Qg6 13. Qxg6 fxg6 14. a3
Bxc3 15. Bxc3 O-O 16. e5 Nxe5 17. Bxe5 dxe5 18. Bxg6 Rf6 19. Bd3 Raf8 20. Rxe5
Bd5 21. f3 Kf7 22. Be4 Bxe4 23. Rxe4 Rb8 24. Rb4 Rb6 25. Rd1 Ke7 26. Kf2 a5 27.
Rxb6 cxb6 28. Rd3 Rd6 29. Rxd6 Kxd6 30. Ke3 Kd5 31. Kd3 Ke5 32. g3 b5 33. c4
bxc4+ 34. Kxc4 Kd6 35. b4 axb4 36. Kxb4 Kd5 37. Kc3 c5 38. a4 Kc6 39. Kc4 Kb6
40. f4 Ka5 41. g4 Kxa4 42. Kxc5 Kb3 43. h4 Kc3 44. g5 Kd3 45. gxh6 gxh6 46. f5
1-0

[Event "Championnat de France des Jeunes - Pupil"]
[Site "NIMES"]
[Date "2012.04.14"]
[Round "1.3"]
[White "Tournebise, Nikita"]
[Black "Berriat, Diane"]
[Result "1-0"]
[WhiteElo "1382"]
[BlackElo "1600"]
[PlyCount "55"]

1. e4 e5 2. Nf3 Nc6 3. Bc4 Nf6 4. d3 d6 5. Bg5 h6 6. Be3 Be7 7. Nc3 O-O 8. O-O
Be6 9. Bb3 d5 10. exd5 Nxd5 11. Nxd5 Bxd5 12. c4 Bxf3 13. gxf3 Nd4 14. Kh1 Bc5
15. Rg1 Qh4 16. Rg3 Bd6 17. Rg4 Qh3 18. Rg3 Qh5 19. Qf1 Nxf3 20. Rh3 Qf5 21.
Qg2 Ng5 22. Rh5 Qxd3 23. Bxg5 hxg5 24. Rd1 Qf5 25. Rxg5 Qf6 26. Rg1 g6 27. c5
Be7 28. Rxg6+ 1-0

[Event "Championnat de France des Jeunes - Pupil"]
[Site "NIMES"]
[Date "2012.04.14"]
[Round "1.4"]
[White "Guerin, Juliette"]
[Black "Bauer, Elise"]
[Result "1-0"]
[WhiteElo "1600"]
[BlackElo "1380"]
[PlyCount "69"]

1. e4 e5 2. Bc4 Nc6 3. Nc3 Nf6 4. d3 h6 5. f4 Bc5 6. h3 d6 7. f5 b6 8. Nf3 Bb7
9. Bd2 a5 10. a3 O-O 11. g4 Nd4 12. g5 Nxf3+ 13. Qxf3 hxg5 14. Bxg5 d5 15. Nxd5
Bxd5 16. Bxd5 Ra7 17. h4 Be7 18. Ba2 Qd6 19. h5 Nh7 20. Bxe7 Qxe7 21. h6 Qg5
22. hxg7 Qxg7 23. O-O-O Ng5 24. Qh5 Rd8 25. Rdg1 Kf8 26. Rxg5 Qf6 27. Rhg1 Ke7
28. Rg7 Rf8 29. R1g6 Qxg6 30. Qxg6 Kd8 31. Rxf7 Rxf7 32. Qxf7 Kc8 33. Bd5 Kd8
34. Bc6 Kc8 35. Qe8# 1-0

[Event "Championnat de France des Jeunes - Pupil"]
[Site "NIMES"]
[Date "2012.04.14"]
[Round "1.5"]
[White "Ranguin, Anna"]
[Black "Schwindling, Marie"]
[Result "0-1"]
[WhiteElo "1370"]
[BlackElo "1573"]
[PlyCount "110"]

1. Nf3 d5 2. d4 Nc6 3. c4 e6 4. Nc3 Nf6 5. Bg5 Be7 6. e3 O-O 7. Be2 Qd7 8. O-O
Bd8 9. Rc1 Re8 10. Qc2 h6 11. Bh4 b6 12. Rfe1 Ba6 13. cxd5 Nb8 14. dxe6 Qxe6
15. Bxa6 Nxa6 16. Qa4 Nb8 17. Bxf6 Bxf6 18. Nd5 Bd8 19. Rxc7 Rf8 20. e4 Bxc7
21. Nxc7 Qe7 22. Nxa8 Qb7 23. Nxb6 Qxb6 24. Qb3 Qc6 25. Qc3 Qd7 26. Ne5 Qd6 27.
Qc5 Qe6 28. Qxa7 Nc6 29. Nxc6 Qxc6 30. Qc5 Qb7 31. b3 Rc8 32. Qf5 Qc7 33. g3
Qc3 34. Re3 Qc1+ 35. Kg2 Rc2 36. Kh3 Qf1+ 37. Kg4 Qg2 38. Rf3 f6 39. e5 Rd2 40.
exf6 Rxd4+ 41. Rf4 Qxf2 42. Rxd4 Qxd4+ 43. Qf4 Qd7+ 44. Kh5 Qf7+ 45. Kh4 g5+
46. Qxg5+ hxg5+ 47. Kxg5 Kh7 48. Kf5 Qd5+ 49. Kf4 Kg6 50. Ke3 Kxf6 51. h4 Kf5
52. Kf2 Kg4 53. Ke3 Kxg3 54. b4 Kxh4 55. a4 Qc4 0-1

[Event "Championnat de France des Jeunes - Pupil"]
[Site "NIMES"]
[Date "2012.04.15"]
[Round "2.1"]
[White "Broly, Mathilde"]
[Black "Imperor, Amelie"]
[Result "1-0"]
[WhiteElo "1687"]
[BlackElo "1414"]
[PlyCount "73"]

1. c4 e5 2. Nc3 Nc6 3. g3 g6 4. Bg2 Bg7 5. e3 d6 6. Nge2 Be6 7. d3 Qd7 8. Nd5
O-O-O 9. Rb1 Bh3 10. Bxh3 Qxh3 11. Ng1 Qe6 12. b4 Nf6 13. Nxf6 Bxf6 14. b5 Ne7
15. e4 Bg7 16. Be3 Kb8 17. Nf3 h6 18. O-O Rdf8 19. c5 dxc5 20. Bxc5 Rd8 21. Qc2
Rd7 22. Rb3 Rc8 23. Ra3 b6 24. Be3 c6 25. bxc6 Nxc6 26. Rc3 Ne7 27. Rxc8+ Nxc8
28. Rc1 Rd6 29. Qc7+ Ka8 30. Qxc8+ Qxc8 31. Rxc8+ Kb7 32. Rc3 Bf8 33. Nxe5 Bg7
34. d4 Re6 35. Nxf7 Rxe4 36. Nd6+ Ka6 37. Ra3# 1-0

[Event "Championnat de France des Jeunes - Pupil"]
[Site "NIMES"]
[Date "2012.04.15"]
[Round "2.2"]
[White "Labbe, Emma"]
[Black "Hadji, Rasmie"]
[Result "0-1"]
[WhiteElo "1410"]
[BlackElo "1680"]
[PlyCount "112"]

1. e4 c6 2. Nc3 d5 3. exd5 cxd5 4. Nf3 Bf5 5. Bb5+ Nc6 6. Bxc6+ bxc6 7. d4 e6
8. Bg5 Nf6 9. Bxf6 Qxf6 10. O-O Bd6 11. Re1 O-O 12. Ne5 Qh6 13. Ng4 Bxg4 14.
Qxg4 Qxh2+ 15. Kf1 Qf4 16. Qxf4 Bxf4 17. Ne2 Bg5 18. Rad1 Rab8 19. b3 Rfc8 20.
Rd3 c5 21. Rc3 cxd4 22. Rxc8+ Rxc8 23. Nxd4 Bf6 24. Rd1 h6 25. c4 dxc4 26. bxc4
Rxc4 27. Nf3 Ra4 28. Rd7 Rxa2 29. g3 a5 30. Ra7 a4 31. Kg2 a3 32. g4 Ra1 33.
Kg3 a2 34. Kf4 g5+ 35. Kg3 Be5+ 36. Nxe5 Rg1+ 37. Kh2 a1=Q 38. Rxa1 Rxa1 39.
Kg3 Kg7 40. f3 f5 41. gxf5 exf5 42. f4 Ra3+ 43. Kh2 gxf4 44. Kg2 h5 45. Kf2 Rb3
46. Ke2 Re3+ 47. Kf2 Rxe5 48. Kf3 Re4 49. Kg2 Re3 50. Kf2 Kg6 51. Kg2 Kg5 52.
Kf2 Kg4 53. Kg2 Re2+ 54. Kf1 Kf3 55. Kg1 Ra2 56. Kf1 Ra1# 0-1

[Event "Championnat de France des Jeunes - Pupil"]
[Site "NIMES"]
[Date "2012.04.15"]
[Round "2.3"]
[White "Bruneau, Maylis"]
[Black "Guerin, Juliette"]
[Result "0-1"]
[WhiteElo "1402"]
[BlackElo "1600"]
[PlyCount "184"]
[EventDate "2012.??.??"]

1. c4 e6 2. Nc3 d5 3. cxd5 exd5 4. d4 Nf6 5. g3 Be7 6. Bg2 c6 7. Nf3 O-O 8. O-O
h6 9. Bf4 Be6 10. Qb3 Qc8 11. Rac1 Nbd7 12. Nb5 Nh5 13. Be5 Nxe5 14. Nxe5 a6
15. Nc3 Bh3 16. Nxd5 Bd8 17. e4 Bxg2 18. Kxg2 Qe6 19. Nc3 Qxb3 20. axb3 Bc7 21.
Nf3 Rfe8 22. d5 cxd5 23. exd5 Nf6 24. Rfd1 Rad8 25. Rc2 Re7 26. Rcd2 Red7 27.
Nh4 g6 28. Nf3 Kg7 29. Rd3 b5 30. b4 Bb8 31. h3 Bc7 32. R1d2 Bb8 33. Rd1 Bc7
34. R1d2 a5 35. Nxb5 Ne4 36. Rd1 Bb6 37. Ne5 Rb7 38. Ng4 axb4 39. Re1 f5 40.
Ne3 Bxe3 41. Rexe3 Rxb5 42. f3 Nf6 43. d6 Rb6 44. d7 Kf8 45. Re5 Rxd7 46. Rxd7
Nxd7 47. Rd5 Ke7 48. f4 Rd6 49. Rb5 Rd2+ 50. Kg1 Rxb2 51. Rb7 b3 52. Kf1 Rb1+
53. Ke2 b2 54. Kd2 Rh1 55. Rxb2 Rxh3 56. Rb3 h5 57. Re3+ Kf6 58. Ke2 Nc5 59.
Kf2 Rh2+ 60. Kg1 Rd2 61. Rf3 Ne4 62. Kh1 Rf2 63. Rxf2 Nxf2+ 64. Kg2 Ng4 65. Kf3
g5 66. fxg5+ Kxg5 67. Kg2 h4 68. gxh4+ Kxh4 69. Kf3 Kg5 70. Kg3 Ne5 71. Kg2 Kg4
72. Kf2 Kf4 73. Kf1 Kf3 74. Ke1 Kg2 75. Ke2 f4 76. Ke1 f3 77. Kd2 f2 78. Ke3
f1=Q 79. Ke4 Qe2+ 80. Kd5 Nf7 81. Kd4 Kf3 82. Kd5 Qe5+ 83. Kc4 Qd6 84. Kc3 Ke3
85. Kc2 Qd2+ 86. Kb3 Qc1 87. Kb4 Nd6 88. Kb3 Kd3 89. Ka2 Qc2+ 90. Ka1 Qg2 91.
Kb1 Nc4 92. Ka1 Qb2# 0-1

[Event "Championnat de France des Jeunes - Pupil"]
[Site "NIMES"]
[Date "2012.04.15"]
[Round "2.4"]
[White "Schwindling, Marie"]
[Black "Milroy, Melena"]
[Result "1-0"]
[WhiteElo "1573"]
[BlackElo "1400"]
[PlyCount "95"]
[EventDate "2012.??.??"]

1. d4 d5 2. c4 e6 3. Nc3 Nf6 4. Bg5 Be7 5. e3 c6 6. Bd3 dxc4 7. Bxc4 Nd5 8.
Bxe7 Qxe7 9. Bd3 Nd7 10. Qf3 Nxc3 11. bxc3 e5 12. Ne2 Nf6 13. e4 Bg4 14. Qe3
Bxe2 15. Qxe2 Rd8 16. Qe3 exd4 17. cxd4 Qb4+ 18. Ke2 Qxd4 19. Qf3 O-O 20. Rhd1
Rfe8 21. Kf1 h6 22. Rac1 Rd7 23. Rc2 Nxe4 24. Rcc1 Rde7 25. g3 Qf6 26. Qg2 Ng5
27. f4 Ne6 28. Qe4 Nf8 29. Qc4 Qe6 30. Qc2 Qh3+ 31. Kg1 h5 32. Bf5 Qxh2+ 33.
Qxh2 g6 34. Bd3 Nh7 35. Qh4 Kg7 36. g4 Nf6 37. gxh5 Nxh5 38. Qg5 f6 39. Qxg6+
Kf8 40. Qxh5 Rg7+ 41. Kf1 Re3 42. Qc5+ Ree7 43. Re1 b6 44. Qd6 Rgf7 45. Rxe7
Rxe7 46. Re1 Kg7 47. Rxe7+ Kh6 48. Rh7# 1-0

[Event "Championnat de France des Jeunes - Pupil"]
[Site "NIMES"]
[Date "2012.04.15"]
[Round "3.1"]
[White "Mutzel, Annabelle"]
[Black "Broly, Mathilde"]
[Result "0-1"]
[WhiteElo "1458"]
[BlackElo "1687"]
[PlyCount "88"]

1. e4 c5 2. c3 d5 3. f3 e6 4. d4 dxe4 5. fxe4 Qh4+ 6. g3 Qxe4+ 7. Qe2 Qxe2+ 8.
Nxe2 Bd7 9. Be3 cxd4 10. Bxd4 Nc6 11. Nd2 Nxd4 12. Nxd4 a6 13. Bg2 Rb8 14.
O-O-O Nf6 15. Rhe1 Be7 16. Bf3 O-O 17. g4 h6 18. h3 Rfc8 19. Kb1 b5 20. N2b3 b4
21. Na5 bxc3 22. Re2 cxb2 23. Bb7 Rc1+ 24. Rxc1 bxc1=Q+ 25. Kxc1 Ba3+ 26. Kc2
Ba4+ 27. Kc3 Nd5+ 28. Kc4 Bb4 29. Ndc6 Bxc6 30. Nxc6 Rxb7 31. Nxb4 Rxb4+ 32.
Kc5 Rb5+ 33. Kc4 Rb4+ 34. Kc5 Ra4 35. Rb2 Kh7 36. Rc2 Ra5+ 37. Kd4 Ra3 38. h4
Ra4+ 39. Rc4 Rxa2 40. g5 hxg5 41. hxg5 Rg2 42. Rc6 a5 43. Ra6 a4 44. Rxa4 Rg4+
0-1

[Event "Championnat de France des Jeunes - Pupil"]
[Site "NIMES"]
[Date "2012.04.15"]
[Round "3.2"]
[White "Hadji, Rasmie"]
[Black "Belluire, Beatrice"]
[Result "1-0"]
[WhiteElo "1680"]
[BlackElo "1430"]
[PlyCount "55"]

1. e4 d5 2. exd5 Nf6 3. Nf3 Nxd5 4. Bc4 e6 5. O-O Nb6 6. Bb3 Nc6 7. Nc3 e5 8.
h3 Be7 9. Re1 f6 10. a3 Bf5 11. d3 Qd7 12. Be3 Nd4 13. Bxd4 exd4 14. Ne4 O-O-O
15. Ng3 Bg6 16. Be6 Qxe6 17. Rxe6 Rhe8 18. Nh4 Bf7 19. Re4 Kb8 20. Nhf5 Bc5 21.
Rxe8 Rxe8 22. Nxg7 Re7 23. Qf3 Nd5 24. N7h5 Bd6 25. Nxf6 Nxf6 26. Qxf6 Ba2 27.
Qf8+ Re8 28. Qxe8# 1-0

[Event "Championnat de France des Jeunes - Pupil"]
[Site "NIMES"]
[Date "2012.04.15"]
[Round "3.3"]
[White "Guerin, Juliette"]
[Black "Koch, Pauline"]
[Result "1-0"]
[WhiteElo "1600"]
[BlackElo "1396"]
[PlyCount "41"]

1. e4 c5 2. Nf3 Nc6 3. d4 cxd4 4. Nxd4 Qb6 5. Nf3 Nf6 6. Nc3 e6 7. h3 Bb4 8.
Bd3 O-O 9. Bd2 d5 10. e5 Nd7 11. Bxh7+ Kxh7 12. Ng5+ Kg8 13. Qh5 Re8 14. Qxf7+
Kh8 15. Qxe8+ Nf8 16. Qh5+ Kg8 17. O-O Nd4 18. Na4 Qc6 19. Bxb4 Qxa4 20. Qf7+
Kh8 21. Qxf8# 1-0

[Event "Championnat de France des Jeunes - Pupil"]
[Site "NIMES"]
[Date "2012.04.15"]
[Round "3.4"]
[White "Rollot, Florence"]
[Black "Schwindling, Marie"]
[Result "1-0"]
[WhiteElo "1440"]
[BlackElo "1573"]
[PlyCount "57"]

1. Nf3 d5 2. c4 c6 3. b3 Nf6 4. g3 Bf5 5. Bg2 e6 6. O-O Bd6 7. Nc3 O-O 8. Bb2
Qd7 9. Nh4 e5 10. Nxf5 Qxf5 11. cxd5 Ng4 12. Bh3 Bc5 13. e3 h5 14. d4 exd4 15.
exd4 Bd6 16. f3 Qg5 17. fxg4 hxg4 18. Qxg4 Qd2 19. Ne4 Qe3+ 20. Nf2 Re8 21. Bc1
Qc3 22. Bh6 g6 23. Rac1 Qb2 24. Rce1 Rd8 25. Qg5 Na6 26. Qf6 Bf8 27. Re7 Bxh6
28. Qxf7+ Kh8 29. Qh7# 1-0

[Event "Championnat de France des Jeunes - Pupil"]
[Site "NIMES"]
[Date "2012.04.15"]
[Round "3.5"]
[White "Gilles, Esther"]
[Black "Haidu, Cristina-Veronica"]
[Result "0-1"]
[WhiteElo "1425"]
[BlackElo "1568"]
[PlyCount "94"]

1. d4 d5 2. Nc3 Nf6 3. Nf3 a6 4. Bf4 Nc6 5. e3 Bg4 6. Be2 e6 7. h3 Bf5 8. O-O
Bd6 9. Be5 Bxe5 10. dxe5 Ne4 11. Nxe4 Bxe4 12. Bd3 Bxf3 13. Qxf3 Nxe5 14. Qg3
Ng6 15. Rad1 Qd6 16. Qf3 Ne5 17. Qg3 g6 18. e4 Nxd3 19. Rxd3 Qxg3 20. Rxg3 dxe4
21. Re1 f5 22. f3 exf3 23. Rxf3 Kf7 24. Rc3 c6 25. Rce3 Rhe8 26. Rf1 Rad8 27.
g4 Rd2 28. gxf5 exf5 29. Rb3 b5 30. c3 Ree2 31. Rf2 Rxf2 32. Rb4 Rfe2 33. Rf4
Rd1+ 34. Rf1 Rxf1+ 35. Kxf1 Rxb2 36. a3 a5 37. Ke1 Rb3 38. Kf2 Rxa3 39. Kg3 b4
40. Kh4 b3 41. Kg5 b2 42. Kf4 b1=Q 43. Ke5 Qe4+ 44. Kd6 Qd5+ 45. Kc7 Rb3 46.
Kc8 Qd6 47. h4 Rb8# 0-1

[Event "Championnat de France des Jeunes - Pupil"]
[Site "NIMES"]
[Date "2012.04.16"]
[Round "4.1"]
[White "Broly, Mathilde"]
[Black "Rollot, Florence"]
[Result "1-0"]
[WhiteElo "1687"]
[BlackElo "1440"]
[PlyCount "103"]

1. d4 e6 2. Nf3 d5 3. e3 Nf6 4. c4 c5 5. Nc3 Nc6 6. Be2 Be7 7. O-O O-O 8. a3
Bd7 9. cxd5 exd5 10. dxc5 Bf5 11. Nd4 Bg6 12. b4 a5 13. b5 Ne5 14. f4 Nc4 15.
f5 Bxc5 16. fxg6 hxg6 17. Bxc4 dxc4 18. Ra2 Re8 19. Re1 Bxd4 20. Rd2 Bxe3+ 21.
Rxe3 Qb6 22. Rd6 Qc5 23. Qd4 Qxd4 24. Rxd4 Rac8 25. Kf2 Kf8 26. a4 b6 27. Ba3+
Kg8 28. Rxe8+ Nxe8 29. Nd5 Ra8 30. Ne7+ Kf8 31. Nxg6+ Kg8 32. Ne7+ Kf8 33. Rxc4
Nf6 34. Rh4 g5 35. Rh8+ Kg7 36. Rxa8 Ne4+ 37. Ke3 Nf6 38. Bb2 g4 39. Bxf6+ Kxf6
40. Nd5+ Ke5 41. Nxb6 f5 42. Nc4+ Kf6 43. b6 Kg5 44. Rg8+ Kf6 45. b7 f4+ 46.
Kxf4 g3 47. b8=Q gxh2 48. Qb6+ Kf7 49. Qg6+ Ke7 50. Rg7+ Kd8 51. Qd6+ Kc8 52.
Nb6# 1-0

[Event "Championnat de France des Jeunes - Pupil"]
[Site "NIMES"]
[Date "2012.04.16"]
[Round "4.2"]
[White "Seite, Yamina"]
[Black "Hadji, Rasmie"]
[Result "1-0"]
[WhiteElo "1470"]
[BlackElo "1680"]
[PlyCount "135"]

1. e4 c6 2. d4 d5 3. Nc3 dxe4 4. Nxe4 Bf5 5. Ng3 Bg6 6. Nh3 Nf6 7. Nf4 e6 8.
Bc4 Bd6 9. Nxg6 hxg6 10. O-O Nd5 11. Qg4 Qc7 12. c3 Nd7 13. Bxd5 cxd5 14. Bg5
Nb6 15. Rac1 Nd7 16. b3 Nf6 17. Bxf6 gxf6 18. c4 dxc4 19. Rxc4 Qa5 20. Qf3 Bxg3
21. fxg3 f5 22. Qxb7 Rd8 23. Rc7 Rh7 24. Qxa7 Qxa7 25. Rxa7 Rxd4 26. Rc1 Kd8
27. a3 Rd7 28. Rxd7+ Kxd7 29. a4 Rh8 30. b4 Ra8 31. a5 Ra7 32. Kf2 Kd6 33. Ke3
e5 34. h3 Kd7 35. Kf3 Rb7 36. Rb1 Kc6 37. g4 fxg4+ 38. Kxg4 Kb5 39. Kf3 Rc7 40.
Ke4 f6 41. Rf1 Rf7 42. Kd5 e4 43. Kxe4 Kxb4 44. g4 Kxa5 45. Kd5 f5 46. Ke5 Rh7
47. gxf5 gxf5 48. Rh1 f4 49. Kxf4 Kb6 50. h4 Kc7 51. Kg5 Kd7 52. Re1 Kd6 53. h5
Kd7 54. Kg6 Rh8 55. h6 Kc6 56. h7 Rd8 57. Rf1 Kb5 58. Kg7 Rd7+ 59. Rf7 Rd2 60.
h8=Q Rg2+ 61. Kf8 Kc5 62. Qh5+ Kd6 63. Rf6+ Kc7 64. Qh7+ Kd8 65. Qe7+ Kc8 66.
Rc6+ Kb8 67. Qc7+ Ka8 68. Ra6# 1-0

[Event "Championnat de France des Jeunes - Pupil"]
[Site "NIMES"]
[Date "2012.04.16"]
[Round "4.3"]
[White "Rachid, Elisabeth"]
[Black "Guerin, Juliette"]
[Result "0-1"]
[WhiteElo "1281"]
[BlackElo "1600"]
[PlyCount "108"]

1. e4 e5 2. Nf3 Nc6 3. d4 exd4 4. Bc4 Nf6 5. O-O d6 6. c3 dxc3 7. e5 Nxe5 8.
Nxe5 dxe5 9. Qxd8+ Kxd8 10. Nxc3 Ke8 11. Re1 Nd7 12. Nd5 Kd8 13. Bd2 b6 14.
Rad1 f6 15. Nc3 c6 16. Be3 Kc7 17. a3 Nc5 18. b4 Nb7 19. Bd3 Be6 20. Rc1 Nd6
21. Nb5+ Kb7 22. Nxd6+ Bxd6 23. b5 Bd5 24. Red1 Rad8 25. a4 cxb5 26. Bxb5 Ba3
27. Rb1 Be4 28. Rxd8 Rxd8 29. Rb3 Rd1+ 30. Bf1 Bd6 31. a5 Ka8 32. axb6 axb6 33.
Bxb6 Bc2 34. Rc3 Ba4 35. Rd3 Rxf1+ 36. Kxf1 Bb5 37. Ke2 e4 38. Ke3 exd3 39. Ba5
Kb7 40. Bc3 Kc6 41. g3 Kd5 42. f3 Kc4 43. Bd2 Bc5+ 44. Ke4 Bb4 45. Ke3 Bxd2+
46. Kxd2 Kd4 47. f4 g5 48. fxg5 fxg5 49. h3 h5 50. g4 hxg4 51. hxg4 Ke4 52. Ke1
Ke3 53. Kd1 d2 54. Kc2 Ba4+ 0-1

[Event "Championnat de France des Jeunes - Pupil"]
[Site "NIMES"]
[Date "2012.04.16"]
[Round "4.4"]
[White "Haidu, Cristina-Veronica"]
[Black "Ringayen, Rose-May"]
[Result "0-1"]
[WhiteElo "1568"]
[BlackElo "1360"]
[PlyCount "110"]

1. d4 d5 2. Nf3 Nc6 3. Bg5 h6 4. Bf4 Nf6 5. e3 Bf5 6. Bd3 Bxd3 7. Qxd3 e6 8. a3
Be7 9. Nbd2 O-O 10. Ne5 Nxe5 11. Bxe5 Ng4 12. Bg3 f5 13. h3 Nf6 14. O-O-O c5
15. dxc5 Bxc5 16. Nb3 Ne4 17. Nxc5 Nxc5 18. Qb5 b6 19. Qc6 Rc8 20. Qd6 Qxd6 21.
Bxd6 Rf7 22. Bxc5 Rxc5 23. f3 f4 24. exf4 Rxf4 25. Rhe1 Kf7 26. Re3 d4 27. Re4
Rxe4 28. fxe4 e5 29. Rd3 Rc6 30. c3 Kg6 31. Kd1 dxc3 32. Rxc3 Rxc3 33. bxc3 Kg5
34. Ke2 Kf4 35. Kd3 b5 36. g3+ Kxg3 37. c4 bxc4+ 38. Kxc4 Kf4 39. Kd5 g5 40. a4
h5 41. a5 g4 42. hxg4 hxg4 43. a6 g3 44. Kc6 g2 45. Kb7 g1=Q 46. Kc6 Qd4 47.
Kb7 Qb6+ 48. Ka8 Qxa6 49. Kb8 Qh6 50. Kxa7 Kxe4 51. Kb7 Kd5 52. Kc7 e4 53. Kb7
Kc5 54. Kc7 Qh7+ 55. Kc8 Kc6 0-1

[Event "Championnat de France des Jeunes - Pupil"]
[Site "NIMES"]
[Date "2012.04.16"]
[Round "4.5"]
[White "Lomandong, Noela-Joyce"]
[Black "Seyler, Julie"]
[Result "1-0"]
[WhiteElo "1473"]
[BlackElo "1260"]
[PlyCount "25"]

1. e4 e5 2. Nf3 Nc6 3. Bc4 Bc5 4. b4 Bxb4 5. c3 Bc5 6. d4 exd4 7. O-O dxc3 8.
Bxf7+ Ke7 9. Bg5+ Nf6 10. Bb3 Re8 11. Bxf6+ Kxf6 12. Qd5 Rf8 13. Qg5# 1-0

[Event "Championnat de France des Jeunes - Pupil"]
[Site "NIMES"]
[Date "2012.04.17"]
[Round "5.1"]
[White "Ringayen, Rose-May"]
[Black "Broly, Mathilde"]
[Result "0-1"]
[WhiteElo "1360"]
[BlackElo "1687"]
[PlyCount "76"]

1. e4 c5 2. Nf3 g6 3. d4 cxd4 4. Nxd4 Nf6 5. Nc3 d6 6. Bb5+ Bd7 7. Bxd7+ Qxd7
8. Bg5 Bg7 9. Bxf6 Bxf6 10. Nd5 Bg7 11. Nb5 Na6 12. Qd3 O-O 13. c4 Nc5 14. Qc2
Bxb2 15. Rd1 Bg7 16. f4 Rad8 17. e5 a6 18. Nbc3 Qe6 19. O-O dxe5 20. fxe5 Qxe5
21. Rde1 Qd4+ 22. Kh1 Qxc4 23. Nxe7+ Kh8 24. h3 Qxc3 25. Qxc3 Bxc3 26. Rc1 Ne4
27. Rf3 Bf6 28. Re1 Bxe7 29. Rxe4 Rd1+ 30. Kh2 Bd6+ 31. g3 Rd2+ 32. Kg1 Rc8 33.
Re1 Kg7 34. a3 Rcc2 35. Kf1 Rh2 36. Re2 Rcxe2 37. g4 Ra2 38. Re3 Rh1# 0-1

[Event "Championnat de France des Jeunes - Pupil"]
[Site "NIMES"]
[Date "2012.04.17"]
[Round "5.3"]
[White "Hadji, Rasmie"]
[Black "Lomandong, Noela-Joyce"]
[Result "0-1"]
[WhiteElo "1680"]
[BlackElo "1473"]
[PlyCount "122"]

1. e4 e5 2. Nf3 Nc6 3. d4 d6 4. dxe5 dxe5 5. Qxd8+ Kxd8 6. Bb5 Nge7 7. Nc3 f6
8. Be3 Bd7 9. O-O-O Ke8 10. Nd5 Nxd5 11. Rxd5 Bd6 12. Rhd1 a6 13. Ba4 b5 14.
Bb3 Na5 15. Bd2 Nxb3+ 16. cxb3 Bc6 17. Rd3 Bxe4 18. Re3 Bb7 19. Ba5 e4 20. Nd2
f5 21. h3 Rf8 22. Rde1 Rd8 23. R3e2 Rf7 24. Kc2 Rc8 25. f3 Bg3 26. Rf1 Re7 27.
fxe4 fxe4 28. Rf5 e3 29. Bb4 c5 30. Bxc5 Bd6 31. Kd1 Rxc5 32. Rxc5 Bxc5 33. Nf3
Bxf3 34. gxf3 Rf7 35. Rc2 Rd7+ 36. Ke2 Bd4 37. b4 Kd8 38. b3 Rc7 39. Rxc7 Kxc7
40. a4 Kc6 41. h4 Kd5 42. h5 Ke5 43. Kd3 Ba7 44. a5 Kf4 45. Ke2 Kg5 46. h6 gxh6
47. Kf1 Kf4 48. Ke2 h5 49. Ke1 h4 50. Ke2 h3 51. Kf1 e2+ 52. Kxe2 h2 53. Kd3
h1=Q 54. Kd2 Qxf3 55. Kc2 Qf2+ 56. Kd3 Qe3+ 57. Kc2 Ke4 58. Kb2 Bd4+ 59. Kc2
Qe2+ 60. Kc1 Bc3 61. Kb1 Qb2# 0-1

[Event "Championnat de France des Jeunes - Pupil"]
[Site "NIMES"]
[Date "2012.04.17"]
[Round "5.4"]
[White "Bruneau, Maylis"]
[Black "Berriat, Diane"]
[Result "1-0"]
[WhiteElo "1402"]
[BlackElo "1600"]
[PlyCount "31"]

1. c4 e5 2. Nc3 Nf6 3. g3 Bc5 4. Bg2 O-O 5. d3 c6 6. Nf3 d6 7. O-O Bb6 8. b4
Re8 9. Qc2 d5 10. cxd5 Nxd5 11. Nxd5 cxd5 12. Bb2 Qd6 13. Bxe5 Rxe5 14. Nxe5
Qxe5 15. Qxc8+ Bd8 16. Qxd8+ 1-0

[Event "Championnat de France des Jeunes - Pupil"]
[Site "NIMES"]
[Date "2012.04.17"]
[Round "5.5"]
[White "Tournebise, Nikita"]
[Black "Schwindling, Marie"]
[Result "1-0"]
[WhiteElo "1382"]
[BlackElo "1573"]
[PlyCount "135"]

1. e4 e6 2. d4 d5 3. Nd2 Nf6 4. e5 Nfd7 5. Ngf3 c5 6. c3 Nc6 7. Bd3 Qb6 8. O-O
cxd4 9. cxd4 Nxd4 10. Nxd4 Qxd4 11. Nf3 Qb6 12. a3 Bc5 13. Qa4 a6 14. Qg4 Bf8
15. b4 Qc7 16. Bb2 b6 17. Rfe1 Bb7 18. Rac1 Qd8 19. Ng5 g6 20. f4 Be7 21. Nf3
Rc8 22. Qh3 b5 23. Bd4 Rc6 24. g4 f6 25. Rxc6 Bxc6 26. exf6 Bxf6 27. Rxe6+ Kf7
28. Rxc6 Bxd4+ 29. Nxd4 Nb8 30. Rc1 Qb6 31. Qe3 Re8 32. Qf2 Kg8 33. Nf3 Qd6 34.
f5 Qd7 35. Qc2 gxf5 36. Bxf5 Qe7 37. Re1 Qf8 38. Bxh7+ Kh8 39. Rxe8 Qxe8 40.
Bf5 Qe3+ 41. Qf2 Qc1+ 42. Qe1 Qxa3 43. Qe8+ Kg7 44. Qg6+ Kf8 45. Qf6+ Ke8 46.
Bg6+ Kd7 47. Ne5+ Kc7 48. Qe7+ Kb6 49. Qc5+ Kb7 50. Qe7+ Kb6 51. Qd8+ Kb7 52.
Qxd5+ Kb6 53. Qd6+ Kb7 54. Be4+ Kc8 55. Bf5+ Kb7 56. Qd5+ Kb6 57. Qe6+ Kc7 58.
Qc8+ Kd6 59. Qxb8+ Kd5 60. Ng6 Qe3+ 61. Kg2 Qe2+ 62. Kh3 Qf1+ 63. Kh4 Qe1+ 64.
Qg3 Qxb4 65. Qd3+ Kc5 66. Qe4 Qa3 67. Qe7+ Kc6 68. Qxa3 1-0

[Event "Championnat de France des Jeunes - Pupil"]
[Site "NIMES"]
[Date "2012.04.18"]
[Round "6.1"]
[White "Broly, Mathilde"]
[Black "Guerin, Juliette"]
[Result "1-0"]
[WhiteElo "1687"]
[BlackElo "1600"]
[PlyCount "109"]

1. d4 d5 2. Nf3 Nf6 3. e3 Bf5 4. Nbd2 e6 5. c4 c6 6. Be2 dxc4 7. Bxc4 Bd6 8.
O-O O-O 9. Qe2 Ne4 10. Bd3 Nxd2 11. Qxd2 Bg4 12. Be2 Nd7 13. e4 e5 14. dxe5
Nxe5 15. Nxe5 Bxe2 16. Qxe2 Bxe5 17. Be3 f5 18. f4 Bc7 19. e5 Kh8 20. Rad1 Qe7
21. Qf2 b6 22. Qf3 c5 23. Qc6 Rad8 24. Qa4 a5 25. Rxd8 Rxd8 26. Rd1 Rxd1+ 27.
Qxd1 h6 28. Qc2 Qe6 29. a3 g6 30. Qc3 Kg8 31. Kf2 Qd5 32. Qd2 Qc6 33. Qd3 Kf7
34. Qc4+ Kg7 35. Qc3 Kh7 36. Qc4 Kg7 37. b4 Qa4 38. Qe6 Qc2+ 39. Kf3 Qe4+ 40.
Kf2 Qb7 41. bxa5 bxa5 42. Qe7+ Kh8 43. Qxc5 Qb1 44. Qxc7 Qa2+ 45. Kf3 Qd5+ 46.
Kg3 Qg8 47. h4 a4 48. Qc5 Qe6 49. Qb4 Qe8 50. Bd4 Kh7 51. e6 Kg8 52. Qb7 Qf8
53. e7 Qe8 54. Qd5+ Kh7 55. Qe5 1-0

[Event "Championnat de France des Jeunes - Pupil"]
[Site "NIMES"]
[Date "2012.04.18"]
[Round "6.2"]
[White "Lomandong, Noela-Joyce"]
[Black "Ruth, Katarina"]
[Result "1/2-1/2"]
[WhiteElo "1473"]
[BlackElo "1480"]
[PlyCount "89"]

1. e4 c5 2. Nc3 Nc6 3. Bb5 Nd4 4. f4 Nxb5 5. Nxb5 e6 6. Nf3 a6 7. Nc3 Ne7 8. d3
g6 9. Be3 b6 10. O-O Bg7 11. Qe1 Bb7 12. Qg3 d5 13. Bd2 dxe4 14. dxe4 O-O 15.
Rad1 Qc7 16. Qh4 Rfd8 17. f5 gxf5 18. Bf4 e5 19. Bg5 Rxd1 20. Rxd1 Ng6 21. Qh5
f6 22. exf5 Ne7 23. Bc1 Rd8 24. Rxd8+ Qxd8 25. Qg4 Bc8 26. Qc4+ Kf8 27. g4 Bb7
28. Kf2 Nd5 29. Nxd5 Qxd5 30. Qxd5 Bxd5 31. a3 Ke7 32. g5 Be4 33. Nxe5 fxe5 34.
f6+ Bxf6 35. gxf6+ Kxf6 36. c3 Bg6 37. Be3 Ke6 38. Bh6 Kd5 39. Ke3 Kc4 40. Kd2
Kb3 41. Kc1 Kc4 42. Kd2 Kb3 43. Kc1 Kc4 44. Kd2 Kb3 45. Kc1 1/2-1/2